[Event "AUTO-MASTER-2497"]
[Site "http://www.queenalice.com/game.php?id=1434811"]
[Date "2016.8.5"]
[Round "1"]
[White "JailtonMaster"]
[Black "toomchess"]
[Result "0-1"]
[WhiteElo "2006"]
[BlackElo "2163"]

1. e4 e6 2. e5 d5 3. exd6 Bxd6 4. Nf3 Nf6 5. Bc4 Nbd7 6. O-O O-O 7. Nc3 c6 8. d4
b5 9. Bb3 a6 10. Bg5 Qc7 11. Re1 Bb7 12. Ne4 Nxe4 13. Rxe4 h6 14. Bh4 c5 15. Re3
c4 16. Rc3 Qb6 0-1

[Event "AUTO-MASTER-2497"]
[Site "http://www.queenalice.com/game.php?id=1434812"]
[Date "2016.8.5"]
[Round "1"]
[White "toomchess"]
[Black "reycas"]
[Result "0-1"]
[WhiteElo "1988"]
[BlackElo "2170"]

1. g3 Nf6 2. Bg2 g6 3. c4 Bg7 4. Nc3 O-O 5. d4 c5 6. e3 cxd4 7. exd4 Nc6 8. Nf3
d6 9. h3 e5 10. O-O h6 11. d5 Ne7 12. b3 b6 13. Ba3 g5 14. Qe2 Bb7 15. Rad1 a6
16. Rfe1 Ng6 17. Nd2 Re8 18. Nce4 Bf8 19. Nxf6+ Qxf6 20. Ne4 Qd8 21. Qh5 Kg7 22.
Nc3 f5 23. h4 Qf6 24. Bc1 Be7 25. hxg5 hxg5 26. Qe2 Rh8 27. Na4 Bd8 28. f3 f4
29. Kf2 fxg3+ 30. Kxg3 Nf4 31. Qe3 b5 32. Nb2 Ba5 0-1

[Event "AUTO-MASTER-2497"]
[Site "http://www.queenalice.com/game.php?id=1434813"]
[Date "2016.8.5"]
[Round "1"]
[White "reycas"]
[Black "toomchess"]
[Result "1-0"]
[WhiteElo "2124"]
[BlackElo "2102"]

1. e4 d5 2. exd5 Qxd5 3. Nc3 Qa5 4. d4 e5 5. d5 Bb4 6. Bd2 Nf6 7. Bc4 O-O 8.
Nge2 Bg4 9. f3 Bd7 10. a3 Qc5 11. Bb3 Ba5 12. Ba2 Bb6 13. Rf1 a5 14. Bg5 Bf5 15.
Bxf6 gxf6 16. Qd2 c6 17. O-O-O a4 18. g4 Bg6 19. h4 h5 20. gxh5 Bh7 21. Qh6 Qe3+
22. Qxe3 Bxe3+ 23. Kb1 Kg7 24. Ne4 cxd5 25. Bxd5 Nc6 26. N2c3 Rfd8 27. Rfe1 Bb6
28. Re2 Bxe4 29. Nxe4 Nd4 30. Rg2+ Kf8 31. Nxf6 Nf5 32. Rd3 1-0

[Event "AUTO-MASTER-2438"]
[Site "http://www.queenalice.com/game.php?id=1436739"]
[Date "2016.8.18"]
[Round "2"]
[White "Guilherme_Ottoni"]
[Black "toomchess"]
[Result "1-0"]
[WhiteElo "2201"]
[BlackElo "2174"]

1. e4 d5 2. exd5 Qxd5 3. Nc3 Qd6 4. d4 Nf6 5. Nf3 a6 6. g3 b5 7. Bg2 Bb7 8. O-O
e6 9. Bf4 Qd8 10. Ne5 Bxg2 11. Kxg2 Bd6 12. Qf3 Nbd7 13. Nc6 Qc8 14. Bg5 O-O 15.
Bf4 Re8 16. Bg5 h6 17. Bd2 e5 18. dxe5 Nxe5 19. Nxe5 Bxe5 20. Rfe1 Bd6 21. a3
Qd7 22. Rad1 Rad8 23. Be3 Qg4 24. Bd4 Rxe1 25. Rxe1 Qxf3+ 26. Kxf3 Nh7 27. h4
Bxg3 28. fxg3 1-0

[Event "AUTO-MASTER-2438"]
[Site "http://www.queenalice.com/game.php?id=1436740"]
[Date "2016.8.18"]
[Round "2"]
[White "toomchess"]
[Black "Guilherme_Ottoni"]
[Result "0-1"]
[WhiteElo "2163"]
[BlackElo "2212"]

1. g3 d5 2. Bg2 e5 3. c4 c6 4. cxd5 cxd5 5. Nc3 Nf6 6. d3 Be6 7. Qb3 Qd7 8. Bg5
Nc6 9. Bxf6 d4 10. Nd5 Bxd5 11. Bxd5 gxf6 12. Rc1 Rc8 13. Nf3 Bh6 14. Rc2 O-O
15. h4 Na5 16. Bxf7+ Rxf7 17. Rxc8+ Qxc8 18. Qa4 Qc1+ 19. Qd1 Rc7 20. O-O Qxd1
21. Rxd1 Rc2 22. b4 Nc6 23. b5 Ne7 24. a4 Nd5 25. g4 Rxe2 26. g5 fxg5 27. hxg5
Bg7 28. Ra1 Nc3 0-1

[Event "AUTO-MASTER-2438"]
[Site "http://www.queenalice.com/game.php?id=1436741"]
[Date "2016.8.18"]
[Round "2"]
[White "bmax1968"]
[Black "toomchess"]
[Result "0-1"]
[WhiteElo "2263"]
[BlackElo "2134"]

1. c4 Nf6 2. g3 g6 3. Bg2 Bg7 4. Nc3 d6 5. d4 O-O 6. Nf3 c6 7. O-O Bg4 8. h3
Bxf3 9. Bxf3 e5 10. d5 Qd7 11. g4 Na6 12. dxc6 bxc6 13. Qa4 Nb8 14. Rd1 Rc8 15.
Be3 Qe7 16. b4 e4 17. Bg2 Nbd7 18. Rd4 c5 19. bxc5 dxc5 20. Rd2 Nb6 21. Qb5 Nxg4
22. hxg4 Bxc3 0-1

[Event "AUTO-MASTER-2438"]
[Site "http://www.queenalice.com/game.php?id=1436742"]
[Date "2016.8.18"]
[Round "2"]
[White "toomchess"]
[Black "bmax1968"]
[Result "0-1"]
[WhiteElo "2110"]
[BlackElo "2247"]

1. e4 d6 2. d4 Nf6 3. Nc3 e5 4. dxe5 dxe5 5. Qxd8+ Kxd8 6. Nf3 Bd6 7. Bg5 Be6 8.
O-O-O Nd7 9. Nb5 a6 10. Nxd6 cxd6 11. Bxf6+ Nxf6 12. Nxe5 Ke7 13. Nd3 Nxe4 14.
Re1 Nf6 15. Nf4 Rac8 16. Bd3 g5 17. Nxe6 fxe6 18. Bf5 e5 19. Bxc8 Rxc8 20. f3 b5
21. b3 Nd5 22. h4 Nb4 23. Re2 Nxa2+ 24. Kb2 Nc3 25. Ree1 h6 26. hxg5 hxg5 0-1

[Event "AUTO-MASTER-2439"]
[Site "http://www.queenalice.com/game.php?id=1437151"]
[Date "2016.8.21"]
[Round "2"]
[White "reycas"]
[Black "toomchess"]
[Result "1-0"]
[WhiteElo "2135"]
[BlackElo "2088"]

1. e4 d5 2. exd5 Qxd5 3. Nc3 Qa5 4. d4 e5 5. d5 Bb4 6. Bd2 Nf6 7. Nge2 O-O 8. a3
Be7 9. b4 Qb6 10. Ng3 c6 11. d6 Bxd6 12. Be2 Be6 13. Be3 Qc7 14. Nce4 Be7 15. c4
Nbd7 16. Qc2 h6 17. h3 b6 18. Rd1 Nh7 19. O-O f5 20. Nxf5 Bxf5 21. g4 Bg6 22.
Bd3 Bxe4 23. Bxe4 Ndf6 24. Bg6 Rad8 25. Rxd8 Rxd8 26. f4 Nf8 27. Bf5 1-0

[Event "AUTO-MASTER-2439"]
[Site "http://www.queenalice.com/game.php?id=1437152"]
[Date "2016.8.21"]
[Round "2"]
[White "toomchess"]
[Black "reycas"]
[Result "0-1"]
[WhiteElo "2074"]
[BlackElo "2146"]

1. Nf3 Nf6 2. c4 g6 3. d4 c5 4. e3 Bg7 5. Nc3 cxd4 6. exd4 d6 7. Bd3 O-O 8. O-O
Bg4 9. h3 Bxf3 10. Qxf3 Nc6 11. Be3 e5 12. d5 Nb4 13. Bb1 h6 14. a3 Na6 15. Qe2
Nc5 16. b4 Ncd7 17. Nb5 Ne8 18. Ra2 a6 19. Nc3 f5 20. Bd2 Nef6 21. Na4 e4 22.
Bf4 Qe7 23. f3 g5 24. Bc1 Rae8 25. f4 g4 26. Be3 Nh5 27. Qf2 b5 0-1

[Event "AUTO-MASTER-2439"]
[Site "http://www.queenalice.com/game.php?id=1437155"]
[Date "2016.8.21"]
[Round "2"]
[White "Parma"]
[Black "toomchess"]
[Result "1-0"]
[WhiteElo "1812"]
[BlackElo "2036"]

1. d4 Nf6 2. c4 c5 3. Nf3 g6 4. e3 Bg7 5. Nc3 O-O 6. g3 d6 7. Bg2 Nbd7 8. O-O a6
9. b3 Rb8 10. Bb2 b5 11. cxb5 axb5 12. dxc5 Nxc5 13. Nd4 Bd7 14. Qe2 b4 15. Nd1
e5 16. Nc2 Bb5 17. Qd2 Bxf1 18. Bxf1 Qe7 19. Nxb4 Nce4 20. Qe1 Qb7 21. Nc2 h5
22. Bg2 Qa6 23. Nc3 Nxc3 24. Bxc3 Rfc8 25. Qd2 Rc7 26. Bb2 1-0

[Event "AUTO-MASTER-2439"]
[Site "http://www.queenalice.com/game.php?id=1437156"]
[Date "2016.8.21"]
[Round "2"]
[White "toomchess"]
[Black "Parma"]
[Result "0-1"]
[WhiteElo "2011"]
[BlackElo "1837"]

1. d4 d5 2. c4 e6 3. Nc3 Nf6 4. Bg5 dxc4 5. e4 Be7 6. Bxc4 O-O 7. Nf3 a6 8. O-O
b5 9. Bd3 Bb7 10. e5 Nd5 11. Ne4 Bxg5 12. Nfxg5 h6 13. h4 hxg5 14. Nxg5 g6 15.
Be4 Nd7 16. Qg4 Qe7 17. h5 f5 18. exf6 N5xf6 19. Qe2 Nxe4 20. Nxe4 gxh5 21. Rae1
Bxe4 22. Qxe4 Nf6 23. Qh4 Qf7 24. Re5 Kh7 25. Rfe1 Rae8 0-1

[Event "AUTO-MASTER-2439"]
[Site "http://www.queenalice.com/game.php?id=1437157"]
[Date "2016.8.21"]
[Round "2"]
[White "clovis"]
[Black "toomchess"]
[Result "1-0"]
[WhiteElo "2144"]
[BlackElo "2170"]

1. e4 d5 2. exd5 Qxd5 3. Nc3 Qd6 4. Nf3 Nf6 5. d4 a6 6. Bc4 Be6 7. Bxe6 Qxe6+ 8.
Be3 g6 9. O-O c6 10. Re1 Qg4 11. d5 Bg7 12. dxc6 Nxc6 13. Nd4 Qd7 14. Nxc6 Qxc6
15. Bd4 O-O-O 16. Rxe7 1-0

[Event "Challenge"]
[Site "http://www.queenalice.com/game.php?id=1437629"]
[Date "2016.8.24"]
[Round "-"]
[White "dnptrs"]
[Black "toomchess"]
[Result "1-0"]
[WhiteElo "2191"]
[BlackElo "2152"]

1. d4 Nf6 2. Nf3 b6 3. g3 Bb7 4. Bg2 e6 5. O-O c5 6. e3 Be7 7. c3 O-O 8. Nbd2
Nc6 9. e4 d5 10. e5 Nd7 11. Nb3 f6 12. dxc5 bxc5 13. exf6 Bxf6 14. Nfd2 c4 15.
Nd4 Nxd4 16. cxd4 Nb6 17. Nf3 Rc8 18. Bf4 c3 19. Qb3 cxb2 20. Qxb2 Qd7 21. Rfb1
Ba6 22. Rc1 Bc4 23. Re1 Qe7 24. a4 Ba6 25. Nd2 Nc4 26. Nxc4 1-0

[Event "Challenge"]
[Site "http://www.queenalice.com/game.php?id=1437630"]
[Date "2016.8.24"]
[Round "-"]
[White "toomchess"]
[Black "dnptrs"]
[Result "1-0"]
[WhiteElo "2161"]
[BlackElo "2191"]

1. g3 Nf6 2. Bg2 d5 3. c4 e6 4. b3 Be7 5. Bb2 O-O 6. e3 Nbd7 7. Ne2 c5 8. O-O b6
9. f4 Bb7 10. f5 exf5 11. Rxf5 g6 12. Rf1 Rb8 13. Nbc3 dxc4 14. bxc4 Bxg2 15.
Kxg2 Ne5 16. Nd5 Nfd7 17. Qc2 f6 18. Nef4 Re8 19. d4 Ng4 20. Nxg6 Bd6 21. Rae1
cxd4 22. exd4 Nf8 23. Nxf8 Rxe1 24. Qxh7+ Kxf8 25. Rxe1 1-0

[Event "Alex"]
[Site "http://www.queenalice.com/game.php?id=1444884"]
[Date "2016.10.9"]
[Round "-"]
[White "toomchess"]
[Black "aledibattista"]
[Result "0-1"]
[WhiteElo "1944"]
[BlackElo "2210"]

1. Nf3 Nf6 2. c4 c5 3. g3 g6 4. Bg2 Bg7 5. Nc3 O-O 6. O-O Nc6 7. e3 d6 8. d4 Bg4
9. h3 Bf5 10. a3 Qc7 11. d5 Ne5 0-1